The First Three Quiz Stats

Quiz Updated Sep 28, 2015

Challenge
Share
Tweet
Embed
Score 0/36 Timer 04:00
22 Plays Today
% Correct
George Washington
92.3%
Alpha
84.9%
Beta
84.6%
Gamma
84.3%
4
84.3%
Prisoner of Azkaban
82.8%
Thomas Jefferson
82.7%
1
82.4%
Lithium
80.9%
3
80.1%
Chamber of Secrets
78.4%
Helium
78.3%
Quartering of Troops
76.6%
John Adams
76.3%
Sorcerer's (Philosopher's) Stone
75.9%
Right to Bear Arms
75.9%
Genesis
75.5%
Freedom of Speech, Press, Religion
74%
% Correct
Luke
73%
Hydrogen
72.5%
Leviticus
72.2%
William McKinley
70%
Abraham Lincoln
68.7%
Mark
68.1%
Exodus
67.7%
Matthew
65.6%
Caligula
63.4%
St. Peter
61.8%
St. Anacletus (Cletus)
60.4%
Solomon
58.5%
Augustus
56.7%
James A. Garfield
55.7%
Tiberius
53.5%
David
47.8%
St. Linus
38.3%
Saul
30.3%

You're not logged in!

Compare scores with friends on all Sporcle quizzes.
Sign Up with Email
OR
Log In

You Might Also Like...

Show Comments

Extras

Top Quizzes Today


Score Distribution

Your Account Isn't Verified!

In order to create a playlist on Sporcle, you need to verify the email address you used during registration. Go to your Sporcle Settings to finish the process.